00637nam a2200181Ia 4500003000900000008004100009040001600050080001800066245008900084260003600173300001000209650004100219650002100260700003000281942000700311999001500318952012200333IN-BaIIA211028s9999 xx 000 0 eng d cIIA Library a7(548.2)bHOM 0aHomage to Karnatakacedited by Saryu Doshi  aBombaybMarg Publicationsc1982 a154p. aAstronomy and Astrophysics Thesaurus aKarnataka913095 aDoshi, Saryu., ed.913096 cBK c7752d7752 00104070aBANbBANcGENd1983-08-30g175.00l0o7(548.2)/ HOMp8569r2021-11-05v175.00w1983-08-30yBKGRs. 175.00